000 00334nam a2200133Ia 4500
005 20251222143135.0
008 251222s9999||||xx |||||||||||||| ||spa||
082 _a709.033/S21
100 _aSan Cristóbal, Antonio
245 0 _aEsplendor del Barroco en Ayacucho:
250 _a1ra. ed.
264 _bEdiciones Peisa
942 _cLIB
999 _c12082
_d12082